Linux: The complete Referene (Record no. 11091)

MARC details
000 -LEADER
fixed length control field 00384nam a22001697a 4500
003 - CONTROL NUMBER IDENTIFIER
control field OSt
008 - FIXED-LENGTH DATA ELEMENTS--GENERAL INFORMATION
fixed length control field 220215b ||||| |||| 00| 0 eng d
020 ## - INTERNATIONAL STANDARD BOOK NUMBER
International Standard Book Number 9780070222946
082 ## - DEWEY DECIMAL CLASSIFICATION NUMBER
Classification number 005.44 PEL
100 ## - MAIN ENTRY--PERSONAL NAME
Personal name PETERSEN,Richard
245 ## - TITLE STATEMENT
Title Linux: The complete Referene
250 ## - EDITION STATEMENT
Edition statement 6th
260 ## - PUBLICATION, DISTRIBUTION, ETC. (IMPRINT)
Place of publication, distribution, etc New Delhi
Name of publisher, distributor, etc TMH
Date of publication, distribution, etc 2019
300 ## - PHYSICAL DESCRIPTION
Extent 630
650 ## - SUBJECT ADDED ENTRY--TOPICAL TERM
Topical term or geographic name as entry element BCA
942 ## - ADDED ENTRY ELEMENTS (KOHA)
Source of classification or shelving scheme Dewey Decimal Classification
Koha item type Text Books
942 ## - ADDED ENTRY ELEMENTS (KOHA)
-- 12
Holdings
Withdrawn status Lost status Source of classification or shelving scheme Damaged status Not for loan Collection code Home library Current library Date acquired Source of acquisition Currency Cost, normal purchase price Bill Number Total Checkouts Full call number Acc. no. / Barcode Date last seen Date last borrowed Actual Cost, discounted price Bill Date Koha item type
    Dewey Decimal Classification     BCA PIET C-LIBRARY PIET C-LIBRARY 29/01/2022 Kirti Praskshan IN Rupees 1099.00 IN3230 3 005.44 PEL BC1592 21/01/2025 30/12/2024 747.32 29/01/2022 Text Books
    Dewey Decimal Classification     BCA PIET C-LIBRARY PIET C-LIBRARY 29/01/2022 Kirti Praskshan IN Rupees 1099.00 IN3230   005.44 PEL BC1593 15/02/2022   747.32 29/01/2022 Text Books
    Dewey Decimal Classification     BCA PIET C-LIBRARY PIET C-LIBRARY 29/01/2022 Kirti Praskshan IN Rupees 1099.00 IN3230 4 005.44 PEL BC1594 10/12/2024 25/11/2024 747.32 29/01/2022 Text Books
    Dewey Decimal Classification     BCA PIET C-LIBRARY PIET C-LIBRARY 29/01/2022 Kirti Praskshan IN Rupees 1099.00 IN3230   005.44 PEL BC1595 15/02/2022   747.32 29/01/2022 Text Books
    Dewey Decimal Classification     BCA PIET C-LIBRARY PIET C-LIBRARY 29/01/2022 Kirti Praskshan IN Rupees 1099.00 IN3230 2 005.44 PEL BC1596 04/01/2025 16/12/2024 747.32 29/01/2022 Text Books
    Dewey Decimal Classification     BCA PIET C-LIBRARY PIET C-LIBRARY 29/01/2022 Kirti Praskshan IN Rupees 1099.00 IN3230 2 005.44 PEL BC1597 27/06/2024 03/06/2024 747.32 29/01/2022 Text Books
    Dewey Decimal Classification     BCA PIET C-LIBRARY PIET C-LIBRARY 29/01/2022 Kirti Praskshan IN Rupees 1099.00 IN3230 3 005.44 PEL BC1598 25/01/2023 21/01/2023 747.32 29/01/2022 Text Books
    Dewey Decimal Classification     BCA PIET C-LIBRARY PIET C-LIBRARY 29/01/2022 Kirti Praskshan IN Rupees 1099.00 IN3230 2 005.44 PEL BC1599 28/03/2023 15/03/2023 747.32 29/01/2022 Text Books
    Dewey Decimal Classification     BCA PIET C-LIBRARY PIET C-LIBRARY 29/01/2022 Kirti Praskshan IN Rupees 1099.00 IN3230 4 005.44 PEL BC1600 24/01/2025 31/12/2024 747.32 29/01/2022 Text Books
    Dewey Decimal Classification     BCA PIET C-LIBRARY PIET C-LIBRARY 29/01/2022 Kirti Praskshan IN Rupees 1099.00 IN3230 6 005.44 PEL BC1601 30/12/2024 17/12/2024 747.32 29/01/2022 Text Books

Design & Developed by: PIET Central Library
R70 Miles Stone Pattikalyana Samalkha Panipat 132102
mail ID :- [email protected], Phone No:- 0180-2569700 Ex.216